Constructing a substantial alternative to privatization: Promoting democratic control and social commitment (Record no. 512494)

000 -LEADER
fixed length control field 00443nam a2200133 4500
008 - FIXED-LENGTH DATA ELEMENTS--GENERAL INFORMATION
fixed length control field 191126b ||||| |||| 00| 0 eng d
100 ## - MAIN ENTRY--PERSONAL NAME
Personal name Zaifer, Ahmet
245 ## - TITLE STATEMENT
Title Constructing a substantial alternative to privatization: Promoting democratic control and social commitment
260 ## - PUBLICATION, DISTRIBUTION, ETC. (IMPRINT)
Name of publisher, distributor, etc Science and Society
300 ## - PHYSICAL DESCRIPTION
Extent 83(4), Oct, 2019: p.495-521.
773 ## - HOST ITEM ENTRY
Main entry heading Science and Society
906 ## - LOCAL DATA ELEMENT F, LDF (RLIN)
Subject DIP Privatisation
942 ## - ADDED ENTRY ELEMENTS (KOHA)
Source of classification or shelving scheme
Item type Articles
Holdings
Withdrawn status Lost status Source of classification or shelving scheme Damaged status Not for loan Permanent location Current location Date acquired Serial Enumeration / chronology Barcode Date last seen Koha item type
          Indian Institute of Public Administration Indian Institute of Public Administration 2019-11-26 83(4), Oct, 2019: p.495-521. AR121862 2019-11-26 Articles

Powered by Koha